Các biện pháp nâng cao chất lượng dạy học phân môn vẽ tranh ở lớp 4,5

Tìm hiểu các mặt, các khía cạnh, tác dụng khác nhau của từng biện pháp nhằm nâng cao kĩ năng vẽ tranh cho học sinh lớp 4,5. Từ đó nhằm giúp phát triển tính độc lập, tích cực, sáng tạo ở học sinh, trau dồi trí tưởng tượng, tích lũy được nhiều biểu tượng và rèn khả năng thể hiện hình tượng sáng tạo ở...

সম্পূর্ণ বিবরণ

সংরক্ষণ করুন:
গ্রন্থ-পঞ্জীর বিবরন
প্রধান লেখক: Nguyễn Kiều Oanh
অন্যান্য লেখক: Đàm Văn Thọ Th.S (Hướng dẫn)
বিন্যাস: গ্রন্থ
ভাষা:Vietnamese
প্রকাশিত: Đà Nẵng Đại học Sư phạm, Đại học Đà Nẵng 2012
বিষয়গুলি:
ট্যাগগুলো: ট্যাগ যুক্ত করুন
কোনো ট্যাগ নেই, প্রথমজন হিসাবে ট্যাগ করুন!
Thư viện lưu trữ: Mạng thư viện Đại học Đà Nẵng
LEADER 01756nam a2200325 4500
001 000016807
003 13216
005 20130104100119.0
008 121227s2012 viesd
041 0 |a vie 
082 |a 372.5  |b NG-O 
100 1 |a Nguyễn Kiều Oanh 
245 0 |a Các biện pháp nâng cao chất lượng dạy học phân môn vẽ tranh ở lớp 4,5  |c Nguyễn Kiều Oanh 
260 |a Đà Nẵng  |b Đại học Sư phạm, Đại học Đà Nẵng  |c 2012 
300 |a 88 tr., phụ lục 15 tr.  |b Hình  |c 29 cm.  |e Đĩa CD, tài liệu tóm tắt 
500 |a Khóa luận tốt nghiệp đại học. Chuyên ngành: Sư phạm Tiểu học 
504 |a Mục lục đầu trang, tài liệu tham khảo tr. 73 - 74, phụ lục [13 tr.] 
520 |a Tìm hiểu các mặt, các khía cạnh, tác dụng khác nhau của từng biện pháp nhằm nâng cao kĩ năng vẽ tranh cho học sinh lớp 4,5. Từ đó nhằm giúp phát triển tính độc lập, tích cực, sáng tạo ở học sinh, trau dồi trí tưởng tượng, tích lũy được nhiều biểu tượng và rèn khả năng thể hiện hình tượng sáng tạo ở các em. 
653 |a Khoa Tiểu học Mầm Non 
700 |a Đàm Văn Thọ  |c Th.S  |e Hướng dẫn 
OWN |a LSP 
AVA |a UDN50  |b LSP  |d 372.5 NG-O  |e available  |t Error 5001 Not defined in file expand_doc_bib_avail.  |f 1  |g 0  |h N  |i 0  |k 1 
999 |a From the UDN01 
AVA |a UDN50  |b LSP  |d 372.5 NG-O  |e available  |t Error 5001 Not defined in file expand_doc_bib_avail.  |f 1  |g 0  |h N  |i 0  |k 1 
TYP |a Monograph 
TYP |a Printed language 
980 |a Mạng thư viện Đại học Đà Nẵng